000 00643nam a22001697a 4500
999 _c15028
_d15028
003 AR-CdUCM
008 190425b ||||| |||| 00| 0 spa d
040 _aMUNICIPALIDAD PROVINCIAL DEL CUSCO
_cBIBLIOTECA MUNICIPAL DEL CUSCO
082 _aC / 340.4 /
_bF65
100 _aFlores Ponce de Leon, Waldo Frich
_934038
245 _aNecesidades de un reglamento para los juzgados de paz no letrados /
260 _aCusco :
_bUnsaac,
_c1980.
300 _a76 hojas ;
_c28 cm.
505 _aAntecedentes historicos de los juzgados -- Reglamento vigente de los juzgados de paz y la administración de justicia
942 _2ddc
_cTESIS
945 _awfj